000 00912nam a2200217 i 4500
001 26939
003 ES-MaACL
005 20230906153528.0
007 t|
008 030113s1865 sp |||| | spa d
080 _a625.1/.5(460.15)
245 0 0 _aMemoria de la Comisión Directiva leída en la sesión del 15 de marzo de 1865, iniciando el debate sobre el tema :
_bexamen de los mejores medios que se pueden adoptar para enlazar con Bilbao y la estación del ferro-carril los fondeaderos actuales, u otros más ventajosos, de nuestro puerto.
260 _aBilbao :
_bDelmas,
_c1865.
300 _a18 p. ;
_c21 cm.
530 _aDisponible en formato digital.
594 _aPrecede al tít.: Ateneo de Bilbao.
650 4 _aFerrocarriles-
_zPaís Vasco.
_9150491
710 2 _aAteneo de Bilbao.
_91858
852 4 _aES-MaACL
_jT-81-F-3
856 4 _uhttp://hdl.handle.net/10357/41763
_zMemoria Digital Vasca
999 _c26939
_d26939